[Event "SPICE Cup Open 2020"]
[Site "Chesterfield MO USA"]
[Date "2020.10.24"]
[Round "8"]
[White "Ezra, Paul Chambers"]
[Black "Shepherd, Duncan"]
[Result "1-0"]
[WhiteTitle "FM"]
[WhiteElo "2231"]
[BlackElo "2033"]
[WhiteFideId "20300204"]
[BlackFideId "2080311"]
[EventDate "2020.10.20"]

1. e4 c5 2. Nf3 d6 3. d4 cxd4 4. Nxd4 Nf6 5. Nc3 a6 6. Rg1 e5 7. Nb3 Be6 8. g4
d5 9. g5 Nxe4 10. Nxe4 dxe4 11. Qxd8+ Kxd8 12. Bg2 Bf5 13. Be3 Kc7 14. Nd2 Nc6
15. O-O-O Nd4 16. Bxd4 exd4 17. Bxe4 Bxe4 18. Nxe4 Rd8 19. Rg4 Be7 20. Rf4 Rhf8
21. Rd3 Rd7 22. Rdf3 Bd8 23. Kd2 Kc8 24. Kd3 Bc7 25. Rh4 Rh8 26. Rfh3 Be5 27.
Rxh7 Rxh7 28. Rxh7 g6 29. h4 b6 30. h5 f5 31. hxg6 fxe4+ 32. Kxe4 Bg7 33. f4
Re7+ 34. Kf5 Kd7 35. Rxg7 Rxg7 36. Kf6 1-0

[Event "SPICE Cup Open 2020"]
[Site "Chesterfield MO USA"]
[Date "2020.10.24"]
[Round "8"]
[White "Oberoi, Shelev"]
[Black "Park, Evan"]
[Result "0-1"]
[WhiteElo "2101"]
[BlackElo "2146"]
[WhiteFideId "30908590"]
[BlackFideId "30931142"]
[EventDate "2020.10.20"]

1. e4 g6 2. d4 Bg7 3. Nc3 c6 4. Bc4 b5 5. Bb3 a5 6. a3 e6 7. e5 d5 8. exd6 Qxd6
9. Ne4 Qc7 10. Ne2 a4 11. Ba2 Ne7 12. Bf4 Qa5+ 13. c3 O-O 14. Be5 Nd5 15. Bxg7
Kxg7 16. h4 h6 17. Qd2 Qd8 18. O-O-O Nd7 19. f4 f5 20. Nf2 N7f6 21. Bxd5 exd5
22. Nd3 Ne4 23. Qe3 h5 24. Ne5 Qd6 25. Rh3 Be6 26. Kb1 Rf6 27. Nc1 Bf7 28. Ncd3
Ra7 29. Nb4 Be8 30. Kc2 Ra8 31. Nbd3 Ra7 32. Nc5 Re7 33. Re1 Ra7 34. Rg1 Rc7 35.
Rh2 Ra7 36. Ra1 Ra8 37. Kd3 Ra7 38. Ke2 Rf8 39. Rg1 Rf6 40. Rhh1 Rf8 41. Kf3 Kg8
42. Ke2 Kg7 43. Re1 Kg8 44. Kf1 Kg7 45. Kg1 Kg8 46. Kh2 Bf7 47. Rhf1 Kg7 48. Rf3
Rfa8 49. Rc1 Be6 50. Nxe4 dxe4 51. Rg3 Bf7 52. Qe2 Kf8 53. Rg5 Re8 54. Qe3 Rb7
55. Kg1 Kg7 56. Kf2 Kh7 57. Rh1 Qd5 58. g4 fxg4 59. Nxg4 hxg4 60. Rxd5 cxd5 61.
Kg3 Be6 62. h5 Bf5 63. Qg1 Kg8 64. hxg6 Bxg6 65. Rh6 Kg7 66. Qh2 Rf7 67. Qh4 e3
68. Qg5 Rf6 69. Rh1 e2 70. Kf2 Re4 71. Ke1 Rexf4 72. Qxd5 Rf1+ 73. Kd2 e1=Q# 0-1

[Event "SPICE Cup Open 2020"]
[Site "Chesterfield MO USA"]
[Date "2020.10.24"]
[Round "8"]
[White "Paciorkowski, Lev"]
[Black "Zaloznyy, Mike"]
[Result "0-1"]
[WhiteElo "2249"]
[BlackElo "1989"]
[WhiteFideId "30904625"]
[BlackFideId "2023075"]
[EventDate "2020.10.20"]

1. Nf3 Nf6 2. c4 b6 3. g3 Bb7 4. Bg2 e6 5. O-O Be7 6. d4 O-O 7. Nc3 Ne4 8. Nxe4
Bxe4 9. Ne1 Bxg2 10. Nxg2 d5 11. Qa4 dxc4 12. Qxc4 c5 13. Be3 Nd7 14. Rfd1 Qc8
15. dxc5 Bxc5 16. Rac1 Bxe3 17. Nxe3 Nf6 18. Qb5 Qb7 19. Nc4 Rad8 20. Nd6 Qe7
21. Qc6 h5 22. a3 h4 23. f3 Nd5 24. Ne4 f5 25. Nc3 Rd6 26. Nxd5 exd5 27. Qb5
hxg3 28. hxg3 Qg5 29. Kg2 a6 30. Qb4 Rg6 31. Qe1 Re8 32. Rc2 Rh6 33. Rxd5 Qh5
34. Qg1 Ree6 35. Kf2 Qg5 36. e4 Rh3 37. Rxf5 Qh6 38. Rc8+ Kh7 39. Rf4 Rg6 40.
Rcf8 b5 41. Qd1 Rhxg3 42. Qd5 Qh2+ 43. Ke3 Qg1+ 44. Kd3 Qd1+ 45. Ke3 Qe1+ 46.
Kd4 Qd2+ 47. Kc5 Qf2+ 48. Qd4 Rc6+ 49. Kxc6 Qxd4 0-1

[Event "SPICE Cup Open 2020"]
[Site "Chesterfield MO USA"]
[Date "2020.10.24"]
[Round "8"]
[White "Atanasov, Anthony"]
[Black "Yanayt, Eugene"]
[Result "1-0"]
[WhiteTitle "FM"]
[BlackTitle "FM"]
[WhiteElo "2205"]
[BlackElo "2173"]
[WhiteFideId "2623897"]
[BlackFideId "2020165"]
[EventDate "2020.10.20"]

1. d4 g6 2. Bf4 Bg7 3. e3 d6 4. Nf3 Nd7 5. Bc4 Ngf6 6. Bxf7+ Kxf7 7. Ng5+ Kg8 8.
Ne6 Qe8 9. Nxc7 Qd8 10. Nxa8 b6 11. Qf3 Kf7 12. Qc6 Ne8 13. Nc3 Nb8 14. Qa4 Qd7
15. Qc4+ e6 16. Nb5 Nc6 17. d5 Nd8 18. dxe6+ Nxe6 19. Nac7 Nxc7 20. Nxd6+ Ke7
21. O-O-O 1-0

[Event "SPICE Cup Open 2020"]
[Site "Chesterfield MO USA"]
[Date "2020.10.25"]
[Round "9"]
[White "Nyzhnyk, Illya"]
[Black "Cordova, Emilio"]
[Result "1-0"]
[WhiteTitle "GM"]
[BlackTitle "GM"]
[WhiteElo "2665"]
[BlackElo "2592"]
[WhiteFideId "14118084"]
[BlackFideId "3801497"]
[EventDate "2020.10.20"]

1. c4 e5 2. Nc3 Bb4 3. Qc2 Nf6 4. Nf3 Nc6 5. e3 O-O 6. Nd5 Re8 7. Qf5 d6 8.
Nxf6+ Qxf6 9. Qxf6 gxf6 10. a3 Bc5 11. b4 Bb6 12. Bb2 a5 13. b5 Ne7 14. d4 c5
15. dxe5 fxe5 16. O-O-O Bc7 17. g4 Ng6 18. h3 f5 19. gxf5 Bxf5 20. Rg1 Kf8 21.
h4 Nh8 22. h5 Nf7 23. Nh4 Be6 24. f4 Bd8 25. Nf3 Bf6 26. Bd3 Ke7 27. Ng5 Bxg5
28. fxg5 Rg8 29. g6 hxg6 30. hxg6 Nh6 31. Rh1 Nf5 32. Rdf1 Ng7 33. Rh7 b6 34.
Bc3 Ra7 35. Be1 Kd8 36. Rf6 Re7 37. Bh4 Kc7 38. Be4 Bxc4 39. Rf2 Rd7 40. Bc6 1-0

[Event "SPICE Cup Open 2020"]
[Site "Chesterfield MO USA"]
[Date "2020.10.25"]
[Round "9"]
[White "Lenderman, Aleksandr"]
[Black "Gledura, Benjamin"]
[Result "1/2-1/2"]
[WhiteTitle "GM"]
[BlackTitle "GM"]
[WhiteElo "2634"]
[BlackElo "2620"]
[WhiteFideId "2021285"]
[BlackFideId "712779"]
[EventDate "2020.10.20"]

1. Nf3 d5 2. d4 Nf6 3. c4 c6 4. e3 Bf5 5. Nc3 e6 6. Nh4 Be4 7. f3 Bg6 8. Qb3 Qc7
9. g3 Be7 10. Bd2 O-O 11. Nxg6 hxg6 12. Rc1 dxc4 13. Bxc4 a6 14. O-O Rd8 15. Ne4
Nd5 16. Kg2 a5 17. Nc3 Nb6 18. Bd3 Na6 19. Be2 Nb4 20. a3 N4d5 21. Ne4 a4 22.
Qc2 e5 23. dxe5 Qxe5 24. f4 Qe6 25. Rf3 Rd7 26. Nf2 Nc7 27. Bd3 Qb3 28. e4 Qxc2
29. Rxc2 Ne6 30. Be3 Nd4 31. Bxd4 Rxd4 32. h4 Rad8 33. e5 Nd5 34. Be4 Nc7 1/2-1/2

[Event "SPICE Cup Open 2020"]
[Site "Chesterfield MO USA"]
[Date "2020.10.25"]
[Round "9"]
[White "Liang, Jason"]
[Black "Bruzon Batista, Lazaro"]
[Result "0-1"]
[WhiteTitle "FM"]
[BlackTitle "GM"]
[WhiteElo "2367"]
[BlackElo "2644"]
[WhiteFideId "30940303"]
[BlackFideId "3503739"]
[EventDate "2020.10.20"]

1. d4 Nf6 2. Bf4 d5 3. e3 c5 4. Nc3 cxd4 5. exd4 a6 6. Nf3 Nc6 7. Ne5 Bd7 8. Be2
e6 9. O-O Be7 10. Bf3 O-O 11. Ne2 Rc8 12. c3 Be8 13. Re1 Na5 14. Nc1 Nd7 15.
Ncd3 Nb6 16. Bg4 Nac4 17. Qe2 Kh8 18. g3 Nxe5 19. Nxe5 Na4 20. Rad1 b5 21. a3 a5
22. Ra1 Nb6 23. Qc2 Nc4 24. Nd3 b4 25. axb4 axb4 26. Be2 bxc3 27. bxc3 Bb5 28.
Qb3 Bc6 29. Nb4 Qd7 30. Reb1 Bd6 31. Bxd6 Nxd6 32. Nd3 Ne4 33. Ne5 Qc7 34. Rc1
f6 35. Nxc6 Qxc6 36. Ra6 Qd7 37. Bd3 f5 38. Kg2 e5 39. Ra5 exd4 40. Qxd5 Qc7 41.
Qe5 Qb7 42. Qd5 Qc7 43. Qe5 dxc3 44. Qxc7 Rxc7 45. Bxe4 fxe4 46. Re5 Rc4 47. Kf1
h6 48. Ke2 Rd8 49. Rc2 Rd3 50. Re8+ Kh7 51. h4 Kg6 52. Re5 Kf6 53. Re8 g6 54.
Kf1 Kf5 55. Rf8+ Kg4 56. Rf6 Kh5 57. Re6 g5 58. hxg5 hxg5 59. Ke2 Rcd4 60. Kf1
Kg4 61. Re2 Rc4 62. Kg2 Kf5 63. Re8 c2 64. g4+ Kf6 65. Re1 c1=Q 66. Rxc1 Rxc1
67. Rxe4 Rc2 68. Re8 Rc4 69. f3 Rc2+ 70. Kg3 Rdd2 0-1

[Event "SPICE Cup Open 2020"]
[Site "Chesterfield MO USA"]
[Date "2020.10.25"]
[Round "9"]
[White "Quesada Perez, Yuniesky"]
[Black "Repka, Christopher"]
[Result "1-0"]
[WhiteTitle "GM"]
[BlackTitle "GM"]
[WhiteElo "2598"]
[BlackElo "2488"]
[WhiteFideId "3504409"]
[BlackFideId "14918781"]
[EventDate "2020.10.20"]

1. e4 e5 2. Nf3 Nc6 3. Bc4 Nf6 4. d3 Bc5 5. c3 O-O 6. Nbd2 a6 7. a4 d6 8. O-O
Ba7 9. h3 Ne7 10. Re1 Ng6 11. d4 h6 12. Bb3 Nh5 13. Nxe5 dxe5 14. Qxh5 Nf4 15.
Qf3 c5 16. Nc4 cxd4 17. Nxe5 Be6 18. Bxf4 Bxb3 19. Qg3 Kh7 20. cxd4 Qxd4 21. Ng4
Qb6 22. Be3 Qb4 23. Bxh6 Bd4 24. e5 gxh6 25. Nf6+ Kh8 26. Qd3 Bxf2+ 27. Kh1 1-0

[Event "SPICE Cup Open 2020"]
[Site "Chesterfield MO USA"]
[Date "2020.10.25"]
[Round "9"]
[White "Hakobyan, Aram"]
[Black "Niemann, Hans Moke"]
[Result "1-0"]
[WhiteTitle "GM"]
[BlackTitle "IM"]
[WhiteElo "2588"]
[BlackElo "2465"]
[WhiteFideId "13306677"]
[BlackFideId "2093596"]
[EventDate "2020.10.20"]

1. d4 Nf6 2. c4 e6 3. Nf3 b6 4. a3 Bb7 5. Nc3 d5 6. Qc2 Nbd7 7. cxd5 Nxd5 8.
Nxd5 exd5 9. Bg5 Qc8 10. g3 Bd6 11. Bh3 O-O 12. Nh4 Re8 13. Nf5 Bf8 14. O-O c5
15. Rac1 Qc6 16. Rfd1 c4 17. Bg2 b5 18. h4 Nf6 19. Bf3 a5 20. Bxf6 Qxf6 21. Ne3
Qd6 22. Kh2 Ra7 23. Qf5 Rd8 24. Qe5 Ba8 25. Nf5 Qd7 26. h5 Ra6 27. Ne3 Qe6 28.
Kg2 Bd6 29. Qg5 Be7 30. Qf4 h6 31. Bg4 Qf6 32. Bf5 Qd6 33. Qg4 Bg5 34. f4 Bf6
35. Bb1 Qe6 36. Nf5 Kf8 37. Rc3 b4 38. Re3 Qd7 39. Bc2 Re6 40. Re5 Bb7 41. Ne3
bxa3 42. bxa3 Bxe5 43. fxe5 Qe7 44. Rf1 Kg8 45. Qf5 g6 46. Qf4 gxh5 47. Nf5 Qg5
48. Nxh6+ Qxh6 49. Qxf7+ Kh8 50. Qxb7 Rg8 51. Rf7 Reg6 52. Bxg6 Qxg6 53. Rf3 Qe4
54. Qf7 Qxe2+ 55. Kh3 Qe4 56. e6 Rg7 57. Qe8+ Kh7 58. Qxh5+ Kg8 59. Qe8+ Kh7 60.
Qh5+ Kg8 61. Qf5 Qe1 62. Kg2 Qe2+ 63. Rf2 Qe3 64. Qf8+ Kh7 65. Qf3 Qxe6 66. Qh5+
Kg8 67. Re2 Qg6 68. Qxd5+ Kh7 69. Qe4 Qxe4+ 70. Rxe4 Rc7 71. Re2 Rd7 72. Rd2 Kg6
73. Kf3 Kf5 74. g4+ Ke6 75. Ke4 Kd6 76. d5 Kc5 77. d6 c3 78. Rd1 c2 79. Rc1 Kxd6
80. Rxc2 Re7+ 81. Kf5 Rf7+ 82. Kg5 Rf3 83. a4 Rb3 84. Kh5 Rb4 85. Ra2 Ke6 86. g5
Kf7 87. Rf2+ Kg7 88. Rc2 Rxa4 89. Rc7+ Kf8 90. Kg6 Ra1 91. Ra7 a4 92. Ra8+ Ke7
93. Kh7 Kd6 94. Ra5 Kc6 95. g6 Kb6 96. Rh5 1-0

[Event "SPICE Cup Open 2020"]
[Site "Chesterfield MO USA"]
[Date "2020.10.25"]
[Round "9"]
[White "Sarkar, Justin"]
[Black "Prohaszka, Peter2"]
[Result "1/2-1/2"]
[WhiteTitle "IM"]
[BlackTitle "GM"]
[WhiteElo "2377"]
[BlackElo "2592"]
[WhiteFideId "2010011"]
[BlackFideId "726265"]
[EventDate "2020.10.20"]

1. e4 c6 2. d4 d5 3. e5 c5 4. dxc5 e6 5. a3 Bxc5 6. b4 Bb6 7. Qg4 Ne7 8. Nf3 Ng6
9. Bd3 Nd7 10. Bb2 Qc7 11. O-O O-O 12. Qh5 Rd8 13. Nc3 a6 14. Ne2 d4 15. Rfe1 f5
16. Ng5 Ndf8 17. Nxh7 Nxe5 18. Nxf8 Nxd3 19. cxd3 Kxf8 20. Qh7 e5 21. Ng3 Re8
22. Nxf5 Bxf5 23. Qxf5+ Kg8 24. Rac1 Qf7 25. Qxf7+ Kxf7 26. Kf1 a5 27. Rc4 axb4
28. Rxb4 Bc5 29. Rxb7+ Kf6 30. Rb5 Bxa3 31. Rbxe5 Red8 32. Rb5 Bxb2 33. Rxb2 Ra3
34. Rd2 Rh8 35. h3 Rh4 36. f3 Rh5 37. Re4 Rd5 38. h4 Rd7 39. Kf2 Rb3 40. g4 Kf7
41. h5 Ra3 42. g5 Ra1 43. Rde2 g6 44. h6 Rb7 45. Rxd4 Kg8 46. Rd8+ Kh7 47. Rde8
Raa7 48. d4 Rf7 49. d5 Rxf3+ 50. Kxf3 Rf7+ 51. Ke4 Rf4+ 52. Ke5 Rf5+ 53. Ke6
Re5+ 54. Kf7 Rf5+ 55. Ke7 Re5+ 56. Kd7 Rxd5+ 57. Kc6 Rc5+ 58. Kxc5 1/2-1/2

[Event "SPICE Cup Open 2020"]
[Site "Chesterfield MO USA"]
[Date "2020.10.25"]
[Round "9"]
[White "Burke, John M"]
[Black "Colas, Joshua"]
[Result "1-0"]
[WhiteTitle "GM"]
[BlackTitle "FM"]
[WhiteElo "2538"]
[BlackElo "2255"]
[WhiteFideId "2070901"]
[BlackFideId "2044447"]
[EventDate "2020.10.20"]

1. e4 c6 2. Nc3 d5 3. Nf3 dxe4 4. Nxe4 Nf6 5. Qe2 Nxe4 6. Qxe4 Qa5 7. Qf4 Qf5 8.
Qe3 Qxc2 9. Bd3 Qa4 10. O-O f6 11. b3 Qb4 12. Bb2 Na6 13. Bxa6 bxa6 14. Rac1 Qd6
15. Rfe1 Kf7 16. Rc4 Bd7 17. Rd4 Qc7 18. Ng5+ fxg5 19. Qxg5 Re8 20. Rf4+ Kg8 21.
Rxf8+ 1-0

[Event "SPICE Cup Open 2020"]
[Site "Chesterfield MO USA"]
[Date "2020.10.25"]
[Round "9"]
[White "Matta, Nicholas"]
[Black "Stearman, Josiah"]
[Result "1/2-1/2"]
[BlackTitle "FM"]
[WhiteElo "2177"]
[BlackElo "2354"]
[WhiteFideId "30914523"]
[BlackFideId "2062496"]
[EventDate "2020.10.20"]

1. d4 d5 2. c4 c6 3. Nf3 Nf6 4. Nc3 dxc4 5. a4 e6 6. e3 c5 7. Bxc4 Nc6 8. O-O
cxd4 9. exd4 Nb4 10. Ne5 Be7 11. Bb5+ Nd7 12. d5 O-O 13. Nxf7 Qa5 14. Ng5 Nc5
15. d6 Bxg5 16. Bxg5 a6 17. Ra3 Bd7 18. Bxd7 Nxd7 19. Be7 Rf5 20. Nb5 Nd5 21.
Nd4 Re5 22. Nf3 Rf5 23. Qe2 Nf4 24. Qc2 Nd5 25. Rd1 Qb4 26. Rd4 Qa5 27. b4 Nxb4
28. Qe4 Nc6 29. Qxe6+ Kh8 30. Rd1 Nf8 31. Qe4 Ng6 32. Qb1 Ncxe7 33. dxe7 Re8 34.
Qxb7 Rxe7 35. Qb1 Rf8 36. Nd4 Nf4 37. Rf3 Qg5 38. g3 Ng6 39. Rxf8+ Nxf8 40. Qb8
Qf6 41. Rd3 Rf7 42. Rf3 Qxf3 43. Nxf3 Rxf3 44. Qc8 Rf6 45. f4 Kg8 46. Qc4+ Kh8
47. f5 h6 48. Qc8 g6 49. Qc3 Kg7 50. Qc7+ Kg8 51. Qd8 Rxf5 52. a5 Kg7 53. Qd4+
Rf6 54. Qa7+ Kg8 55. Qe3 g5 56. Qb3+ Kg7 57. Qb7+ Kg6 58. Kg2 Ne6 59. Qc8 Ng7
60. Qd7 h5 61. h3 Re6 62. Kf2 Rf6+ 63. Ke2 Re6+ 64. Kd2 Rf6 65. g4 h4 66. Qd3+
Kf7 67. Qd7+ 1/2-1/2

[Event "SPICE Cup Open 2020"]
[Site "Chesterfield MO USA"]
[Date "2020.10.25"]
[Round "9"]
[White "Daggupati, Balaji"]
[Black "Chen, Ryo"]
[Result "1-0"]
[WhiteTitle "FM"]
[WhiteElo "2331"]
[BlackElo "2085"]
[WhiteFideId "2090759"]
[BlackFideId "7003072"]
[EventDate "2020.10.20"]

1. e4 c5 2. Nf3 d6 3. Bc4 Nf6 4. d3 Nc6 5. h3 g6 6. O-O Bg7 7. Bb3 O-O 8. c3 b5
9. a3 Bb7 10. Re1 Rc8 11. Bg5 h6 12. Bh4 Nh5 13. Nbd2 Ne5 14. Bc2 Nf4 15. Nf1
Nxf3+ 16. Qxf3 g5 17. Bg3 Ng6 18. Ne3 e6 19. Qg4 Kh7 20. Rad1 Qb6 21. Bb1 Rcd8
22. Qh5 Bc8 23. d4 cxd4 24. cxd4 Qb7 25. e5 dxe5 26. dxe5 Qe7 27. Ng4 Rxd1 28.
Rxd1 Bb7 29. h4 Rc8 30. Kh2 Rc4 31. Nf6+ Bxf6 32. exf6 Qxf6 33. Rd7 Be4 34. hxg5
Qxg5 35. Qxg5 hxg5 36. b3 Bxb1 37. bxc4 bxc4 38. Rxf7+ Kh6 39. Rxa7 Be4 40. Rc7 1-0

[Event "SPICE Cup Open 2020"]
[Site "Chesterfield MO USA"]
[Date "2020.10.25"]
[Round "9"]
[White "Antova, Gabriela"]
[Black "Singh, Hersh"]
[Result "1/2-1/2"]
[WhiteTitle "FM"]
[WhiteElo "2238"]
[BlackElo "2012"]
[WhiteFideId "2915235"]
[BlackFideId "30918804"]
[EventDate "2020.10.20"]

1. d4 d5 2. c4 e6 3. Nf3 Nf6 4. Nc3 Be7 5. Bf4 O-O 6. e3 Nbd7 7. c5 c6 8. h3 b6
9. b4 a5 10. a3 h6 11. Bd3 Ba6 12. O-O Qc8 13. Bxa6 Rxa6 14. Qe2 Qb7 15. b5 Raa8
16. cxb6 Rfc8 17. Rfb1 Nxb6 18. Ne5 cxb5 19. Nxb5 Qa6 20. Nd3 Ne4 21. Qg4 Bg5
22. Bxg5 hxg5 23. f3 Nf6 24. Qxg5 Na4 25. Rb3 Rab8 26. Rab1 Nc3 27. Nc7 Qa7 28.
Nb5 Qa6 29. Nc7 Qa7 30. Nb5 Qa6 1/2-1/2

[Event "SPICE Cup Open 2020"]
[Site "Chesterfield MO USA"]
[Date "2020.10.25"]
[Round "9"]
[White "Park, Evan"]
[Black "Krykun, Yuriy"]
[Result "1/2-1/2"]
[BlackTitle "FM"]
[WhiteElo "2146"]
[BlackElo "2371"]
[WhiteFideId "30931142"]
[BlackFideId "14140667"]
[EventDate "2020.10.20"]

1. e4 c6 2. d4 d5 3. Nc3 dxe4 4. Nxe4 Nf6 5. Nxf6+ exf6 6. c3 Bd6 7. Bd3 O-O 8.
Qc2 Re8+ 9. Ne2 h5 10. Be3 Nd7 11. O-O-O Nf8 12. Kb1 Be6 13. c4 b5 14. d5 cxd5
15. c5 Be5 16. f4 Bc7 17. Bxb5 Re7 18. Nd4 Bd7 19. Rhe1 Re4 20. Bd3 Re8 21. Bd2
Rxe1 22. Rxe1 Rc8 23. Ba6 Rb8 24. c6 Bc8 25. Be2 Ne6 26. Nxe6 Bxe6 27. f5 Bc8
28. Bd3 Rb6 29. Ba5 Rxb2+ 30. Qxb2 Bxa5 31. Re2 Bc7 32. Qa3 Be5 33. Qxa7 Qd6 34.
Qb6 Qa3 35. Qb3 Qc5 36. Rc2 Qd4 37. Rc1 Kh7 38. a4 Kh6 39. Ka2 Qf2+ 40. Rc2 Qe1
41. Qb1 Qa5 42. Qb5 Qe1 43. Qb1 Qa5 44. Qb5 1/2-1/2

[Event "SPICE Cup Open 2020"]
[Site "Chesterfield MO USA"]
[Date "2020.10.25"]
[Round "9"]
[White "Zaloznyy, Mike"]
[Black "Ezra, Paul Chambers"]
[Result "0-1"]
[BlackTitle "FM"]
[WhiteElo "1989"]
[BlackElo "2231"]
[WhiteFideId "2023075"]
[BlackFideId "20300204"]
[EventDate "2020.10.20"]

1. e4 c5 2. Nf3 Nc6 3. d4 cxd4 4. Nxd4 e5 5. Nb5 d6 6. N1c3 a6 7. Na3 b5 8. Nd5
Nce7 9. c4 Nxd5 10. exd5 bxc4 11. Nxc4 Nf6 12. Be3 Rb8 13. Be2 Be7 14. a4 O-O
15. O-O a5 16. Bd2 Ra8 17. Qe1 Nxd5 18. Bf3 Be6 19. Bxa5 Qb8 20. Qd2 Nf4 21. Ne3
Bg5 22. h4 Bxh4 23. g3 Nh3+ 24. Kh2 Bg5 25. b4 Bh6 26. Rfc1 Ng5 27. Bh1 f5 28.
Qd1 Qe8 29. Nd5 Rc8 30. Rxc8 Bxc8 31. Rc1 Kh8 32. Rc4 f4 33. g4 f3 34. Ne3 Be6
35. Qxd6 Bxc4 36. Nxc4 Nf7 37. Qc5 Bf4+ 38. Kg1 e4 39. b5 Qc8 40. Qf5 Qxf5 41.
gxf5 Rc8 42. Nd2 Rc1+ 43. Nf1 Ng5 44. Bg2 Ra1 45. Bd8 fxg2 46. Kxg2 Rxa4 47. b6
Rb4 48. Ne3 Bxe3 49. fxe3 Nf3 50. Kg3 Ne5 51. f6 Kg8 52. Kf4 gxf6 53. Bxf6 Ng6+ 0-1

[Event "SPICE Cup Open 2020"]
[Site "Chesterfield MO USA"]
[Date "2020.10.25"]
[Round "9"]
[White "Yanayt, Eugene"]
[Black "Proleiko, Julian"]
[Result "0-1"]
[WhiteTitle "FM"]
[WhiteElo "2173"]
[BlackElo "2131"]
[WhiteFideId "2020165"]
[BlackFideId "30900255"]
[EventDate "2020.10.20"]

1. d4 Nf6 2. c4 c5 3. d5 e6 4. Nc3 exd5 5. cxd5 d6 6. Nf3 g6 7. Nd2 Bg7 8. e4
O-O 9. Be2 Nbd7 10. O-O Re8 11. a4 a6 12. Re1 Ne5 13. Ndb1 Nfg4 14. h3 Nh6 15.
Be3 Qh4 16. Qd2 Bg4 17. Bg5 Qh5 18. Bxg4 Nhxg4 19. Ne2 Nxf2 20. Kxf2 Nc4 21. Ng3
Nxd2 22. Nxh5 Bd4+ 23. Kg3 Nxe4+ 24. Rxe4 Rxe4 25. Nf6+ Bxf6 26. Bxf6 Re1 27. b3
Rf1 28. Bb2 Re8 29. Nc3 Re3+ 30. Kh2 Rxa1 31. Bxa1 f5 32. g3 b5 33. axb5 axb5
34. Kg2 Re1 35. Bb2 b4 36. Na4 Re3 37. Bc1 Rxb3 38. Bf4 Ra3 39. Nb6 b3 40. Nc4
Ra2+ 41. Kf3 b2 42. Nd2 c4 0-1

[Event "SPICE Cup Open 2020"]
[Site "Chesterfield MO USA"]
[Date "2020.10.25"]
[Round "9"]
[White "Shepherd, Duncan"]
[Black "Oberoi, Shelev"]
[Result "0-1"]
[WhiteElo "2033"]
[BlackElo "2101"]
[WhiteFideId "2080311"]
[BlackFideId "30908590"]
[EventDate "2020.10.20"]

1. d4 Nf6 2. c4 b6 3. Nf3 Bb7 4. g3 e5 5. dxe5 Ng4 6. Bg2 Bb4+ 7. Nbd2 Nxe5 8.
O-O Ng6 9. Qc2 O-O 10. b3 f5 11. Bb2 Qe7 12. e3 Na6 13. a3 Bxd2 14. Qxd2 Nc5 15.
Nd4 Bxg2 16. Kxg2 Rae8 17. Qc2 Qe4+ 18. Qxe4 fxe4 19. Bc3 Nd3 20. Ne2 Nge5 21.
Bxe5 Rxe5 22. Nf4 Nc5 23. b4 Nb7 24. Rfd1 Rf7 25. Rd5 Re8 26. Rc1 d6 27. Rd2 a5
28. Nd5 Re5 29. Nc3 Nd8 30. Rd4 axb4 31. axb4 Nc6 32. Rd5 Re8 33. Rb1 Ne5 34.
Rd4 Ng4 35. Rb2 Nf6 36. Ra2 g5 37. h3 Kg7 38. Nd5 Re5 39. Nxf6 Kxf6 40. Ra7 Ke6
41. Kf1 Kd7 42. Ra2 Rfe7 43. Rd1 Kc6 44. Rc2 Re8 45. Ra1 Kb7 46. Rca2 b5 47.
Ra7+ Kc8 48. Rc1 Kb8 49. Ra2 Kb7 50. cxb5 Rxb5 51. Rac2 Re7 52. Rc4 d5 53. Rd4
Re8 54. Ra1 h5 55. Ra2 g4 56. h4 Ra8 57. Rxa8 Kxa8 58. Ke2 Kb7 59. Kd2 Kc6 60.
Kc3 Rb8 61. Rd1 Ra8 62. Kb3 Kd6 63. Rc1 Rb8 64. Rc2 c6 65. Rc1 Rf8 66. Rc2 Rf3
67. Rd2 Rf5 68. Kc3 Rf8 69. Kb3 c5 70. bxc5+ Kxc5 71. Rc2+ Kb5 72. Rd2 Kc5 73.
Rc2+ Kd6 74. Rd2 Rb8+ 75. Kc3 Rc8+ 76. Kb3 Rc1 77. Kb2 Rf1 78. Kb3 Rc1 79. Kb2
Rc4 80. Kb3 Rc7 81. Kb4 Rb7+ 82. Kc3 Kc5 83. Ra2 Rc7 84. Kb3 Kd6 85. Rd2 Ke5 86.
Rd1 Rf7 87. Rd2 Rf3 88. Kc2 d4 89. exd4+ Kd5 90. Re2 Kxd4 91. Rd2+ Rd3 92. Re2
e3 93. fxe3+ Rxe3 94. Rf2 Rf3 95. Rd2+ Ke4 96. Rd8 Rxg3 97. Rh8 Rh3 98. Rxh5 Kf3
99. Rf5+ Kg2 100. h5 g3 101. Kd3 Kh2 0-1